[Event "USA-ch13 prel 01 corr"]
[Site "USA"]
[Date "1996.06.24"]
[Round "?"]
[White "Tang, Kevin"]
[Black "De Vault, Roy E"]
[Result "1/2-1/2"]
[WhiteElo "2253"]
[BlackElo "2220"]
[PlyCount "56"]
[EventDate "1996.??.??"]
[EventType "tourn (corr)"]
[EventRounds "9"]
[EventCountry "USA"]
[SourceTitle "Corr 2006"]
[Source "ChessBase"]
[SourceDate "2006.04.01"]
[SourceVersion "3"]
[SourceVersionDate "2006.04.01"]
[SourceQuality "1"]

1. e4 c5 2. Nf3 e6 3. d4 cxd4 4. Nxd4 a6 5. Bd3 Nf6 6. 0-0 Qc7 7. Nc3 Nc6 8. Nb3 b5 9. f4 d6 10. a4 b4 11. Ne2 Be7 12. Kh1 0-0 13. Be3 d5 14. e5 Nd7 15. Ned4 Nxd4 16. Bxd4 Re8 17. Qh5 g6 18. Qg4 Bf8 19. Rad1 Bg7 20. Bf2 Bb7 21. a5 Bf8 22. Rd2 Bg7 23. Bd4 Rac8 24. Re2 Qc6 25. h3 h6 26. g3 Bf8 27. Rff2 Bg7 28. Rd2 Bf8 1/2-1/2

[Event "USA-ch13 prel 01 corr"]
[Site "USA"]
[Date "1996.06.24"]
[Round "?"]
[White "Tang, Kevin"]
[Black "Kobernat, Alan"]
[Result "0-1"]
[WhiteElo "2253"]
[BlackElo "2196"]
[PlyCount "64"]
[EventDate "1996.??.??"]
[EventType "tourn (corr)"]
[EventRounds "9"]
[EventCountry "USA"]
[SourceTitle "Corr 2006"]
[Source "ChessBase"]
[SourceDate "2006.04.01"]
[SourceVersion "3"]
[SourceVersionDate "2006.04.01"]
[SourceQuality "1"]

1. d4 f5 2. c4 Nf6 3. Nc3 g6 4. g3 Bg7 5. Bg2 0-0 6. Nf3 d6 7. 0-0 Qe8 8. d5 a5 9. Rb1 Na6 10. a3 Nc5 11. b3 Bd7 12. Nd4 c6 13. Bf4 Qf7 14. Nf3 h6 15. Qd2 Nce4 16. Nxe4 fxe4 17. Ne1 g5 18. dxc6 Bxc6 19. Be3 a4 20. b4 Qxc4 21. Rc1 Qd5 22. Nc2 Qxd2 23. Bxd2 Rac8 24. Ne3 Nd5 25. Bh3 Nxe3 26. Bxe3 Rcd8 27. Bb6 Ra8 28. Rc2 Bd5 29. Rc7 e6 30. Rd1 Rae8 31. Rxd5 exd5 32. Be6+ Rxe6 0-1

[Event "USA-ch13 prel 01 corr"]
[Site "USA"]
[Date "1996.06.24"]
[Round "?"]
[White "Tang, Kevin"]
[Black "Tomporowski, Stephen"]
[Result "0-1"]
[WhiteElo "2253"]
[BlackElo "2061"]
[PlyCount "94"]
[EventDate "1996.??.??"]
[EventType "tourn (corr)"]
[EventRounds "9"]
[EventCountry "USA"]
[SourceTitle "Corr 2006"]
[Source "ChessBase"]
[SourceDate "2006.04.01"]
[SourceVersion "3"]
[SourceVersionDate "2006.04.01"]
[SourceQuality "1"]

1. e4 c5 2. Nf3 g6 3. d4 Bg7 4. dxc5 Qa5+ 5. c3 Qxc5 6. Be3 Qc7 7. Bd3 d6 8. 0-0 Nf6 9. Na3 Bd7 10. Nd4 a6 11. f4 Ng4 12. Ndc2 0-0 13. f5 Nxe3 14. Nxe3 Qc5 15. Nac2 Nc6 16. fxg6 hxg6 17. Qd2 Rac8 18. Kh1 Bh6 19. Rae1 Ne5 20. Nd4 Ng4 21. Ndc2 Be6 22. a3 d5 23. Qe2 Nxh2 24. Kxh2 dxe4 25. Bxe4 Qe5+ 26. Kg1 Qxe4 27. Nd4 Bg7 28. Nxe6 Qxe6 29. Qf3 Qb6 30. Rf2 e5 31. Nd5 Qd6 32. Nf6+ Qxf6 33. Qxf6 Bxf6 34. Rxf6 Rfe8 35. Rd6 Re7 36. Kf2 Rc4 37. Re3 Rf4+ 38. Ke2 Rg4 39. g3 f5 40. b3 Kf7 41. a4 g5 42. a5 f4 43. gxf4 gxf4 44. Re4 Rg6 45. Rd5 Kf6 46. Kd3 Rg1 47. Kd2 Kf5 0-1